La literatura argentina : (Registro nro. 29532)
[ vista simple ]
| 000 -CABECERA | |
|---|---|
| campo de control de longitud fija | 00884nas a2200217 a 4500 |
| 001 - NÚMERO DE CONTROL | |
| campo de control | 29532 |
| 003 - IDENTIFICADOR DE NÚMERO DE CONTROL | |
| campo de control | AR-BaAGN |
| 005 - FECHA Y HORA DE LA ÚLTIMA TRANSACCIÓN | |
| campo de control | 20231103123720.0 |
| 007 - CAMPO FIJO DE DESCRIPCIÓN FÍSICA--INFORMACIÓN GENERAL | |
| campo de control de longitud fija | ta |
| 008 - DATOS DE LONGITUD FIJA--INFORMACIÓN GENERAL | |
| campo de control de longitud fija | 220701s1931 ag |||p|r||||f|||||0spa d |
| 040 ## - FUENTE DE CATALOGACIÓN | |
| Centro catalogador/agencia de origen | AR-BaAGN |
| Lengua de catalogación | español |
| Normas de descripción | aacr |
| 942 ## - ELEMENTOS DE ENTRADA SECUNDARIOS (KOHA) | |
| Tipo de ítem Koha | Revista |
| 245 00 - MENCIÓN DEL TÍTULO | |
| Título | La literatura argentina : |
| Resto del título | revista bibliográfica. |
| 260 ## - PUBLICACIÓN, DISTRIBUCIÓN, ETC. | |
| Lugar de publicación, distribución, etc. | Buenos Aires : |
| Nombre del editor, distribuidor, etc. | L. J. Rosso, |
| Fecha de publicación, distribución, etc. | 1931. |
| 300 ## - DESCRIPCIÓN FÍSICA | |
| Extensión | [24] páginas : |
| Otras características físicas | il., fotos, mapa |
| 336 ## - TIPO DE CONTENIDO | |
| Fuente | rdacontent |
| Código de tipo de contenido | texto |
| 337 ## - TIPO DE MEDIO | |
| Fuente | rdamedia |
| Código del tipo de medio | no mediado |
| 338 ## - TIPO DE SOPORTE | |
| Fuente | rdacarrier |
| Código del tipo de soporte | volumen |
| 520 ## - RESUMEN, ETC. | |
| Sumario, etc. | La Revista del Hogar para Ciegos. Sala de lectura para niños en la Biblioteca Nacional. Una entrevista con Enrique de Gandía. El doctor John Tate Lanning y el intercambio intelectual entre Argentina y lso Estados Unidos. Anécdotas de escritores argentinos contadas por Alfredo Duhau. Actualidad bibliográfica. Guía de Revistas |
| Estado de retiro | Estado de pérdida | Estado de daño | Biblioteca actual | Ubicación en estantería | Enumeración/cronología de publicación seriada | Signatura topográfica completa | Código de barras | Tipo de ítem Koha |
|---|---|---|---|---|---|---|---|---|
| Biblioteca del Archivo General de la Nación | Ernesto H. Celesia - Hemeroteca | No. 35, año 3 (jul. 1931) | EC.h 036-011 Caja 16 | CH36-11-CAJA16 | Revista |
